Movie Quotes 1990's Comedies - Statistics

General Stats
  • This quiz has been taken 43 times
  • The average score is 5 of 15
Answer Stats
Quote Movie % Correct
There are 15 people in this house and you're the only one who has to make trouble. Home Alone
64%
Ooo, Behave! Austin Powers: International Man of Mystery
62%
Well, I'm not really ready for a relationship, Lois, but thank you for asking. Hey, maybe I'll give you a call sometime. Your number's still 911? All righty then. Ace Ventura: Pet Detective
54%
This is one time where television really fails to capture the true excitement of a large squirrel predicting the weather. Groundhog Day
46%
You're killing me Smalls! The Sandlot
44%
We got no food, we got no jobs... our PETS' HEADS ARE FALLING OFF! Dumb and Dumber
36%
The car that made these two, equal-length tire marks had positraction. You can't make those marks without positraction, which was not available on the '64 Buick Skylark! My Cousin Vinny
33%
How many times have I told you not to be dealing in front of the store? Clerks
31%
During high school, I played junior hockey and still hold two league records: most time spent in the penalty box; and I was the only guy to ever take off his skate and try to stab somebody. Happy Gilmore
28%
We've adopted Satan! Problem Child
26%
I say hurl. If you blow chunks and she comes back, she's yours. But if you spew and she bolts, then it was never meant to be. Waynes World
21%
You're so money and you don't even know it! Swingers
13%
My heart is falling down around my ankles like a wet pair of pants. My whole life, all I've wanted to do is fly. Bomb stuff. Shoot people down. Hot Shots
3%
It reminds me of my favorite poem, which is, "Roses are red, violets are blue, I'm a schizophrenic... and so am I!" What About Bob
3%
Try and control the ball! Forget the ball, try and stay on your feet! Get out of the net, you're not a fish! Pester, you're in a different time zone! Ladybugs
0%
No matching quizzes found
Score Distribution
Percent of People with Each Score
Percentile by Number Answered
Your Score History
You have not taken this quiz